| 000 | 01048cab a2200277 4500 | ||
|---|---|---|---|
| 001 | ABS53194 | ||
| 008 | 090401t1995 xxu||||| |||| 00| 0 eng d | ||
| 035 | _a(Sirsi) u2590 | ||
| 041 | _aeng | ||
| 100 | _aMarkland, G. | ||
| 245 | _aCDM - what does it mean to you? | ||
| 260 | _c1995 | ||
| 350 | _a0 | ||
| 490 |
_aEstates Gazette _v(9529) 22 July 1995, 107-109(3) |
||
| 520 | _aConsiders CDM Regulations; to which project they apply, whether they apply to current projects, the duties of the client, the planning supervisor and the principal contractor, the drawing up of a project health and safety plan and maintenance of a health and safety file. | ||
| 650 | _aCONSTRUCTION (DESIGN AND MANAGEMENT) REGULATIONS 1994 | ||
| 650 | _aCLIENTS | ||
| 650 | _aCONDAM REGULATIONS | ||
| 650 | _aCONSTRUCTION (DESIGN AND MANAGEMENT) REGULATIONS 1994 | ||
| 650 |
_aHEALTH AND SAFETY _96244 |
||
| 650 | _aPLANNING SUPERVISORS | ||
| 650 | _aSITE SAFETY | ||
| 690 | _aBUILT ENVIRONMENT-BUILDING STANDARDS | ||
| 942 | _n0 | ||
| 948 | _c04/03/1997 | ||
| 999 |
_c1562 _d1562 |
||